<?xml version="1.0" encoding="UTF-8"?>
<marc:record xmlns:marc="http://www.loc.gov/MARC21/slim">
   <marc:leader>00000nam a2200000 a 4500</marc:leader>
   <marc:datafield ind1="1" ind2=" " tag="100">
      <marc:subfield code="a">Wulff, Thesche</marc:subfield>
      <marc:subfield code="4">aut</marc:subfield>
      <marc:subfield code="e">Verfasser/-in</marc:subfield>
   </marc:datafield>
   <marc:datafield ind1=" " ind2=" " tag="653">
      <marc:subfield code="a">Amrum</marc:subfield>
   </marc:datafield>
   <marc:datafield ind1="0" ind2="0" tag="245">
      <marc:subfield code="a">Schwestern wie Ebbe und Flut</marc:subfield>
   </marc:datafield>
   <marc:datafield ind1="0" ind2="0" tag="245">
      <marc:subfield code="b">Roman</marc:subfield>
   </marc:datafield>
   <marc:datafield ind1=" " ind2="1" tag="264">
      <marc:subfield code="b">Droemer</marc:subfield>
      <marc:subfield code="c">2026</marc:subfield>
   </marc:datafield>
   <marc:datafield ind1="1" ind2=" " tag="520">
      <marc:subfield code="a">Mira kehrt nach langer Zeit auf ihre Herzensinsel Amrum zurück. Hier lebte ihr Patenonkel Ocko, mit dem sie früher stundenlang Treibholz gesammelt hat und der ihr tausend Geschichten dazu erzählte. Doch nun ist Ocko tot, und Miras Schwester drängt sie, sein altes Kapitänshaus abreißen zu lassen. Als ein Sturm die Insel heimsucht und auch Ockos Haus zerstört, fällt Mira ein ganz besonderes Stück Treibgut in die Hände, und sie erinnert sich an eine von Ockos Geschichten, in der sie selbst eine besondere Rolle spielte.</marc:subfield>
   </marc:datafield>
   <marc:datafield ind1=" " ind2=" " tag="020">
      <marc:subfield code="a">9783426467039</marc:subfield>
      <marc:subfield code="9">9783426467039</marc:subfield>
   </marc:datafield>
</marc:record>
